000 00822nam a22002297a 4500
999 _c994
_d994
003 AR-CdUCM
008 190226b ||||| |||| 00| 0 spa d
040 _aMUNICIPALIDAD PROVINCIAL DEL CUSCO
_cBIBLIOTECA MUNICIPAL DEL CUSCO
082 _a288.5 /
_bG233
100 _aGarland Barrón, Alfredo
_93868
245 _aComo Lobos Rapaces :
_bPerú : ¿una Iglesia Infiltrada? /
260 _aLima :
_bSAPEI,
_c1978.
300 _a240 paginas ;
_c20 cm.
505 _aComo lobos rapaces -- El concilio y la contestación -- El encuentro de cieneguilla -- El documento de cieneguilla -- Un largo camino recorrido...
650 _aArquidiócesis
_93869
650 _aArzobispo
_93870
650 _aSantidad
_93871
650 _aObispos
_93872
650 _aIglesia
_91428
942 _2ddc
_cLIBROS
945 _awnts
_d2019-02-26